Koncentrácia v bankovom sektore Slovenskej republiky
Meranie koncentrácie, resp. konkurencie indexami koncentrácie. CR 3 a CR 5 index, Herfindahlov a Hirshmanov index. Vývoj koncentrácie v bankovom sektore SR v rokoch 2004-2007.
Gespeichert in:
| 1. Verfasser: | |
|---|---|
| Format: | Buchkapitel |
| Sprache: | Slowakisch |
| Schlagworte: | |
| Tags: |
Keine Tags, Fügen Sie das erste Tag hinzu!
|
MARC
| LEADER | 00000naa$a2200000$$$4500 | ||
|---|---|---|---|
| 001 | 0087885 | ||
| 005 | 20220715093708.7 | ||
| 041 | 0 | |a slo | |
| 044 | |a SK | ||
| 245 | 1 | 0 | |a Koncentrácia v bankovom sektore Slovenskej republiky |c Ľudmila Fabová |
| 520 | |a Meranie koncentrácie, resp. konkurencie indexami koncentrácie. CR 3 a CR 5 index, Herfindahlov a Hirshmanov index. Vývoj koncentrácie v bankovom sektore SR v rokoch 2004-2007. | ||
| 610 | 2 | 0 | |a meranie |
| 610 | 2 | 0 | |a bankovníctvo |
| 610 | 2 | 0 | |a banky |
| 610 | 2 | 0 | |a koncentrácia |
| 610 | 2 | 0 | |a konkurencia |
| 610 | 2 | 0 | |a indexy |
| 610 | 2 | 0 | |a vklady |
| 610 | 2 | 0 | |a úver |
| 610 | 2 | 0 | |a aktíva |
| 610 | 2 | 0 | |a štatistika |
| 610 | 2 | 0 | |a Slovensko |
| 100 | 1 | |a Fabová, Ľudmila | |